000 00563nam a2200229Ia 4500
003 OSt
005 20220924152552.0
006 a|||||r|||| 00| 0
007 ta
008 220923b |||||||| |||| 00| 0 ara d
024 _a343177
037 _cTextual
040 _aARTS
_cARTS
_bara
041 _2ara
_aara
082 _aO28,3x, K0.1
100 _aHijarad Au.
_9223164
245 0 _aAl-hubul abdi
260 _c1960
650 _aARABIC FICTION
_964594
942 _hO28,3x, K0.1
_cTEXL
_2CC
999 _c470289
_d470289